000 01810cam a22004217a 4500
003 CHAP
005 20240514111116.0
008 050609s2003 es b r 00010 spa d
010 _a90463
011 _a91435
020 _a8484760928
035 _a101994
040 _cCHAP
082 0 4 _a631.7001
_bR63 2002
100 1 _aRodrigo López, Jesus.
_998254
245 1 0 _aRiego localizado :
_bprogramas informáticos para windows
_c/por Jesús Rodrígo López y Lucinio Cordero Ordoñez
260 _aMadrid :
_bMundi-Prensa,
_c2003
300 _a157 p. :
_bilus. + 1 CD (4 3/4 plg.)
590 _aBATCH-UPD
_b10
_c20130110
590 _aBATCH-UPD
_b10
_c20130410
590 _aBATCH-UPD
_b10
_c20130914
590 _aCONVERSION
_b10
_c20130109
650 1 4 _aIrrigación.
_960366
650 1 4 _aProcesamiento automático de datos en irrigación.
_991796
650 1 4 _aRiego localizado.
_997374
700 0 _aCordero Ordoñez, Lucinio.
_927959
901 _aBK
905 _aAlejandra Carrasco M.
942 _cCD
_2ddc
949 _a631.7001 R63 2002
_bBC
_cCD
_d33724002025520
_eCD
_fCD
_i101994
_sb
949 _a631.7001 R63 2002
_bBC
_cCD
_d33724002025561
_eCD
_fc.2 CD
_i101994
_sb
949 _a631.7001 R63 2002
_bBC
_cCD
_d33724002027967
_eCD
_fc.3 CD
_i101994
_kI. c/e
_sb
949 _a631.7001 R63 2002
_bBC
_cLIBRO
_d33724000957163
_eLIBRO
_h105752
_i101994
_kI. c/e
_si
_t$ 524.00
949 _a631.7001 R63 2002
_bBC
_cLIBRO
_d33724000957221
_eLIBRO
_fc.2
_h105753
_i101994
_kI. c/e
_sb
_t$ 524.00
949 _a631.7001 R63 2002
_bBC
_cLIBRO
_d33724000957288
_eLIBRO
_fc.3
_h105754
_i101994
_kI. c/e
_si
_t$ 524.00
949 _a631.7001 R63 2002
_bBC
_cLIBRO
_d33724002052975
_eLIBRO
_fc.4
_gI.c/e
_h109244
_i101994
_sb
_t$ 524.00
949 _a631.7001 R63 2002
_bBC
_cLIBRO
_d33724002053017
_eLIBRO
_fc.5
_gI.c/e
_h109245
_i101994
_sb
_t$ 524.00
999 _c90463
_d90463